LIBRARY & INFORMATION CENTRE, KCAET, TAVANUR

ONLINE PUBLIC ACCESS CATALOGUE (OPAC)

Normal view MARC view
  • Kavimani, R

Entry Personal Name

Number of records used in: 1

001 - CONTROL NUMBER

  • control field: 6085

003 - CONTROL NUMBER IDENTIFIER

  • control field: OSt

005 - DATE AND TIME OF LATEST TRANSACTION

  • control field: 20240222112408.0

008 - FIXED-LENGTH DATA ELEMENTS

  • fixed length control field: 240222|| aca||aabn | a|a d

040 ## - CATALOGING SOURCE

  • Original cataloging agency: OSt
  • Transcribing agency: OSt

100 ## - HEADING--PERSONAL NAME

  • Personal name: Kavimani, R

670 ## - SOURCE DATA FOUND

  • Source citation: Work cat.: (OSt)13290: Chandrasekharan, B . 6084, Rice science / , 2008.
free website counter